000
00235nam a2200085Ia 4500
245
0
_a
The new Companies Act manual
100
_a
Delport, P. A. Durban, [c.2009]
_9
77118
942
_c
BK
008
210817s9999 xx 000 0 und d
999
_c
262719
_d
262718